[Event "Baden Wuerttemberg-chT U12"]
[Site "Burg Ortenberg"]
[Date "2018.06.23"]
[Round "3.4"]
[White "Kiefhaber, Julius"]
[Black "Paliy, Leo"]
[Result "1-0"]
[WhiteElo "1417"]
[BlackElo "783"]
[PlyCount "39"]
[EventDate "2018.06.23"]
[EventType "team-tourn"]
[EventRounds "5"]
[EventCountry "GER"]
[SourceTitle "EXT 2019"]
[Source "ChessBase"]
[SourceDate "2018.10.10"]
[SourceVersion "1"]
[SourceVersionDate "2018.10.10"]
[SourceQuality "1"]
[WhiteTeam "Karlsruhe U12"]
[BlackTeam "Walldorf U12"]
[WhiteTeamCountry "GER"]
[BlackTeamCountry "GER"]

1. e4 e5 2. Nf3 Nc6 3. Bc4 d6 4. c3 Nf6 5. Ng5 Be6 6. Bxe6 fxe6 7. Nxe6 Qe7 8. Nxf8 Qxf8 9. d3 0-0-0 10. Bg5 Kb8 11. Nd2 h6 12. Be3 Re8 13. a4 Nd8 14. a5 b6 15. axb6 cxb6 16. Qa4 Re7 17. Nc4 Kc8 18. Nxd6+ Kb8 19. Qa6 Rd7 20. Qc8# 1-0